Normal view MARC view

Entry Personal Name

Number of records used in: 1

001 - CONTROL NUMBER

  • control field: 1455

003 - CONTROL NUMBER IDENTIFIER

  • control field: DLC

005 - DATE AND TIME OF LATEST TRANSACTION

  • control field: 20200123095040.0

008 - FIXED-LENGTH DATA ELEMENTS

  • fixed length control field: 100729n| acannaabn |n aaa

010 ## - LIBRARY OF CONGRESS CONTROL NUMBER

  • LC control number: n 2010048990

040 ## - CATALOGING SOURCE

  • Original cataloging agency: DLC
  • Language of cataloging: eng
  • Transcribing agency: DLC

100 1# - HEADING--PERSONAL NAME

  • Personal name: Toker, Aysegul

670 ## - SOURCE DATA FOUND

  • Source citation: Varnali, Kaan. Mobile marketing, c2010:
  • Information found: eCIP t.p. (Aysegul Toker) data view (chair of the Department of Management, Boǧazic̣i University, Turkey, where she teaches courses on management information systems, e-business models)

Powered by Koha